Minecraft Creative Inventory: Natural Blocks - Statistics

General Stats
  • This quiz has been taken 225 times
    217 since last reset
  • The average score is 125 of 226
Answer Stats
Answer % Correct
Dirt
96%
Stone
87%
Birch Sapling
83%
Grass Block
83%
Mycelium
83%
Oak Leaves
83%
Oak Log
83%
Oak Sapling
83%
Short Grass
83%
Acacia Leaves
78%
Acacia Log
78%
Birch Leaves
78%
Birch Log
78%
Coal Ore
78%
Coarse Dirt
78%
Dark Oak Leaves
78%
Dark Oak Log
78%
Diamond Ore
78%
Gold Ore
78%
Jungle Leaves
78%
Jungle Log
78%
Poppy
78%
Rose Bush
78%
Sand
78%
Sandstone
78%
Spruce Leaves
78%
Spruce Log
78%
Spruce Sapling
78%
Vines
78%
Acacia Sapling
74%
Cherry Log
74%
Dandelion
74%
Dirt Path
74%
Emerald Ore
74%
Gravel
74%
Iron Ore
74%
Jungle Sapling
74%
Netherrack
74%
Podzol
74%
Red Sand
74%
Bamboo
70%
Brown Mushroom
70%
Cherry Leaves
70%
Cherry Sapling
70%
Copper Ore
70%
Cornflower
70%
Dark Oak Sapling
70%
Deepslate
70%
Diorite
70%
Granite
70%
Lapis Lazuli Ore
70%
Mangrove Leaves
70%
Mangrove Log
70%
Moss Block
70%
Nether Quartz Ore
70%
Obsidian
70%
Pumpkin
70%
Red Mushroom
70%
Red Sandstone
70%
Redstone Ore
70%
Seagrass
70%
Snow
70%
Tall Grass
70%
Blackstone
65%
Brown Mushroom Block
65%
Clay
65%
Deepslate Coal Ore
65%
Deepslate Copper Ore
65%
Deepslate Gold Ore
65%
Deepslate Iron Ore
65%
Moss Carpet
65%
Orange Tulip
65%
Oxeye Daisy
65%
Red Mushroom Block
65%
Soul Sand
65%
Sunflower
65%
Andesite
61%
Basalt
61%
Block of Amethyst
61%
Cactus
61%
Crimson Stem
61%
Deepslate Diamond Ore
61%
Deepslate Emerald Ore
61%
Deepslate Lapis Lazuli Ore
61%
End Stone
61%
Farmland
61%
Fern
61%
Ice
61%
Lily of the Valley
61%
Mangrove Roots
61%
Melon
61%
Mud
61%
Nether Gold Ore
61%
Nether Wart
61%
Peony
61%
Pink Tulip
61%
Red Tulip
61%
Rooted Dirt
61%
Twisting Vines
61%
Warped Stem
61%
White Tulip
61%
Ancient Debris
57%
Azalea
57%
Calcite
57%
Crimson Fungus
57%
Dead Bush
57%
Deepslate Redstone Ore
57%
Flowering Azalea
57%
Kelp
57%
Nether Wart Block
57%
Packed Ice
57%
Prismarine
57%
Torchflower
57%
Warped Fungus
57%
Allium
52%
Azalea Leaves
52%
Azure Bluet
52%
Blue Ice
52%
Blue Orchid
52%
Bone Block
52%
Carved Pumpkin
52%
Cocoa Beans
52%
Crimson Nylium
52%
Crimson Roots
52%
Crying Obsidian
52%
Dripstone Block
52%
Glow Berries
52%
Jack o'Lantern
52%
Lilac
52%
Magma Block
52%
Mangrove Propagule
52%
Mushroom Stem
52%
Pointed Dripstone
52%
Sea Pickle
52%
Snow Block
52%
Soul Soil
52%
Warped Nylium
52%
Warped Wart Block
52%
Wither Rose
52%
Bedrock
48%
Beetroot Seeds
48%
Big Dripleaf
48%
Brain Coral
48%
Budding Amethyst
48%
Flowering Azalea Leaves
48%
Glow Lichen
48%
Large Amethyst Bud
48%
Large Fern
48%
Lily Pad
48%
Medium Amethyst Bud
48%
Melon Seeds
48%
Pitcher Plant
48%
Pumpkin Seeds
48%
Shroomlight
48%
Small Amethyst Bud
48%
Tuff
48%
Warped Roots
48%
Wheat Seeds
48%
Amethyst Cluster
43%
Bubble Coral
43%
Bubble Coral Fan
43%
Dead Horn Coral
43%
Fire Coral
43%
Fire Coral Fan
43%
Glowstone
43%
Horn Coral
43%
Horn Coral Fan
43%
Muddy Mangrove Roots
43%
Nether Sprouts
43%
Small Dripleaf
43%
Spore Blossom
43%
Weeping Vines
43%
Brain Coral Fan
39%
Bubble Coral Block
39%
Chorus Plant
39%
Cobweb
39%
Dead Brain Coral
39%
Dead Bubble Coral
39%
Dead Bubble Coral Fan
39%
Dead Fire Coral
39%
Dead Fire Coral Fan
39%
Dead Horn Coral Fan
39%
Fire Coral Block
39%
Hanging Roots
39%
Hay Bale
39%
Horn Coral Block
39%
Pink Petals
39%
Sculk
39%
Sculk Catalyst
39%
Sculk Sensor
39%
Sculk Shrieker
39%
Smooth Basalt
39%
Sugar Cane
39%
Sweet Berries
39%
Tube Coral
39%
Tube Coral Fan
39%
Turtle Egg
39%
Bee Nest
35%
Brain Coral Block
35%
Chorus Flower
35%
Dead Brain Coral Fan
35%
Dead Bubble Coral Block
35%
Dead Fire Coral Block
35%
Dead Horn Coral Block
35%
Dead Tube Coral
35%
Dead Tube Coral Fan
35%
Dried Kelp Block
35%
Honey Block
35%
Pitcher Pod
35%
Sculk Vein
35%
Slime Block
35%
Tube Coral Block
35%
Block of Raw Copper
30%
Block of Raw Iron
30%
Dead Brain Coral Block
30%
Dead Tube Coral Block
30%
Sniffer Egg
30%
Sponge
30%
Torchflower Seeds
30%
Wet Sponge
30%
Block of Raw Gold
26%
Frogspawn
26%
Honeycomb Block
26%
Verdant Froglight
22%
Ochre Froglight
17%
Pearlescent Froglight
13%
No matching quizzes found
Score Distribution
Percent of People with Each Score
Percentile by Number Answered
Your Score History
You have not taken this quiz since the last reset